000
00297pab a2200133 454500
008
180718b1987 xxu||||| |||| 00| 0 eng d
245
_a
The government's - U.S.A.
260
_c
1987
300
_a
7-14
362
_a
Summer
650
_a
Bureaucracy - U.S.A.
773
_a
Bureaucrat
909
_a
5020
999
_c
5020
_d
5020